| 000 | 01103nam a2200289 a 4500 | ||
|---|---|---|---|
| 001 | 23546 | ||
| 003 | BD-RJUL | ||
| 005 | 20211209000937.0 | ||
| 008 | 140311t1974 enkb b 001 0 eng d | ||
| 020 | _a0521202035 | ||
| 035 | _a(BD-RJUL)23611 | ||
| 040 |
_aDLC _cDLC _dEQO _dBD-RjUL _beng |
||
| 041 | 1 | _aengpol | |
| 082 | 0 | 4 |
_a940.534384 _bCIW 1974 |
| 100 | 1 |
_aCiechanowski, Jan M. _972467 |
|
| 245 | 1 | 4 |
_aThe Warsaw Rising of 1944 / _c[by] Jan M. Ciechanowski. |
| 260 |
_aCambridge : _bCambridge University Press, _cc1974. |
||
| 300 |
_axi, 332 p. : _bmap ; _c22 cm. |
||
| 490 | 1 | _aSoviet and East European studies | |
| 500 | _aRev. and abridged version of the author's thesis, The political and ideological background of the Warsaw Rising, 1944, University of London, 1968, and the Polish ed. published 1971 under title: Powstanie Warszawskie. | ||
| 504 | _aincludes Bibliographical reference and index. | ||
| 651 | 0 |
_aWarsaw (Poland) _xHistory _yUprising, 1944. _972468 |
|
| 830 | 0 |
_aSoviet and East European studies _972488 |
|
| 942 |
_2ddc _cBK |
||
| 999 |
_c23546 _d23546 |
||